000 00736nam a2200253 a 4500
005 20251105063859.0
008 031030s1998 es r 000 0 spa d
020 _a8470303074
035 _aUPN01000130484
049 _aCG
050 4 _aBF441
_bA5.8 1998
100 1 _aAnzieu, Didier,
_d1923-1999
_928733
245 1 3 _aEl yo-piel /
_cDidier Anzieu ; tr. Sofía Vidarrazaga Zimmermann.
250 _a3a ed.
260 _aMadrid :
_bBiblioteca Nueva,
_c1998.
300 _a270 p.
440 0 _aBiblioteca nueva
534 _pTraducción de:
_tLe moi-peau
650 4 _aEGO (PSICOLOGIA)
_98772
650 4 _aPIEL -
_xASPECTOS PSICOLOGICOS
650 2 _aMente y cuerpo
_98110
650 4 _aPsicoanálisis
_91572
905 _aLibro
999 _c102641
_d102641